Научно-методические аспекты учета, анализа и аудита в социальной сфере (Запись № 1745772)

Подробности
000 -МАРКЕР
контрольное поле 03449nam0a2200433 4500
001 - ИДЕНТИФИКАТОР ЗАПИСИ
контрольное поле RU\NLR\bibl\1798397
005 - ИДЕНТИФИКАТОР ВЕРСИИ
контрольное поле 20260408061404.0
010 ## - МЕЖДУНАРОДНЫЙ СТАНДАРТНЫЙ НОМЕР КНИГИ (ISBN)
Номер (ISBN) 978-5-904542-06-1
Тираж 700
021 ## - НОМЕР ГОСУДАРСТВЕННОЙ РЕГИСТРАЦИИ
Код страны Российская Федерация
Номер 2011-52745
Номер Листа государственной регистраци 3759
035 ## - ДРУГИЕ СИСТЕМНЫЕ НОМЕРА
Идентификатор записи (nilc)RSL-KNO-004971006
035 ## - ДРУГИЕ СИСТЕМНЫЕ НОМЕРА
Идентификатор записи (NLR Aleph) 001789076
100 ## - ДАННЫЕ ОБЩЕЙ ОБРАБОТКИ
Данные общей обработки 20110711d2010 |||y0rusy50 ca
101 0# - ЯЗЫК РЕСУРСА
Язык текста, звукозаписи и т.д. русский
102 ## - СТРАНА ПУБЛИКАЦИИ ИЛИ ПРОИЗВОДСТВА
Страна публикации Российская Федерация
105 ## - ПОЛЕ КОДИРОВАННЫХ ДАННЫХ: ТЕКСТОВЫЕ МАТЕРИАЛЫ, МОНОГРАФИЧЕСКИЕ
Кодированные данные о монографическом текстовом документе y |||||||||
200 1# - ЗАГЛАВИЕ И СВЕДЕНИЯ ОБ ОТВЕТСТВЕННОСТИ
Основное заглавие Научно-методические аспекты учета, анализа и аудита в социальной сфере
Сведения, относящиеся к заглавию сборник научных работ профессорско-преподавательского состава по итогам конференции в рамках комплексной НИР "Проблемы учета, анализа и аудита в социальной сфере"
Первые сведения об ответственности [под ред. Свободина В. А., Гирника В. А.]
210 ## - ПУБЛИКАЦИЯ, РАСПРОСТРАНЕНИЕ И ДР.
Место издания, распространения и т.д. Москва
Имя издателя, распространителя и т. д. ИП Глущенко Валерий Владимирович
Дата издания, распространения и т.д. 2010
215 ## - ФИЗИЧЕСКАЯ ХАРАКТЕРИСТИКА
Специфическое обозначение материала и объем 205 с.
Размеры 21
300 ## - ОБЩИЕ ПРИМЕЧАНИЯ
Текст примечания В надзаг.: Российский гос. социальный ун-т, Фак. социального страхования, экономики и социологии труда, Каф. бухгалтерского учета и аудита
320 ## - ПРИМЕЧАНИЯ О НАЛИЧИИ В ДОКУМЕНТЕ БИБЛИОГРАФИИ / УКАЗАТЕЛЯ
Текст примечания Библиогр. в конце ст.
327 1# - ПРИМЕЧАНИЯ О СОДЕРЖАНИИ
Текст примечания Содерж.: Наука и практика в высшей школе: по итогам научно-практической конференции 25 ноября 2010 г. "Актуальные проблемы учета, анализа и аудита в социальной сфере"; Методика преподавания в высшей школе: по итогам учебно-методической конференции 16 декабря 2010 г. "Совершенствование методики преподавания в высшей школе"
601 02 - НАИМЕНОВАНИЕ ОРГАНИЗАЦИИ КАК ПРЕДМЕТ
Начальный элемент ввода Российский государственный социальный университет
Формальный подзаголовок Сборники
Тематический подзаголовок Научно-исследовательская работа преподавателей
Системный номер авторитетной/нормативной записи 2110809
Идентификатор авторитетной/нормативной записи RU\NLR\auth\661579191
606 1# - НАИМЕНОВАНИЕ ТЕМЫ КАК ПРЕДМЕТ
Наименование темы Бухгалтерский учет
Формальный подзаголовок Сборники
Географический подзаголовок Российская Федерация
Системный номер авторитетной/нормативной записи 2073607
Идентификатор авторитетной/нормативной записи RU\NLR\auth\661248526
606 1# - НАИМЕНОВАНИЕ ТЕМЫ КАК ПРЕДМЕТ
Наименование темы Аудит
Формальный подзаголовок Сборники
Географический подзаголовок Российская Федерация
Системный номер авторитетной/нормативной записи 2075686
Идентификатор авторитетной/нормативной записи RU\NLR\auth\661250767
686 ## - ИНДЕКСЫ ДРУГИХ КЛАССИФИКАЦИЙ
Индекс У052.9(2)20я43
Код системы
686 ## - ИНДЕКСЫ ДРУГИХ КЛАССИФИКАЦИЙ
Индекс У053.9(2)я43
Код системы
686 ## - ИНДЕКСЫ ДРУГИХ КЛАССИФИКАЦИЙ
Индекс У052.9(2)2я43
686 ## - ИНДЕКСЫ ДРУГИХ КЛАССИФИКАЦИЙ
Индекс Ч489.14(2Р)7е(2)л3
686 ## - ИНДЕКСЫ ДРУГИХ КЛАССИФИКАЦИЙ
Индекс У052.9(2)2-218я43
702 #1 - ИМЯ ЛИЦА - ВТОРИЧНАЯ ОТВЕТСТВЕННОСТЬ
Код отношения Редактор
Материалы, к которым относится поле rus
Графика поля Кириллица
Начальный элемент ввода Свободин
Часть имени, кроме начального элемента ввода В. А.
Расширение инициалов личного имени Валентин Андреевич
Идентификатор авторитетной/нормативной записи RU\NLR\auth\7744343
Системный номер авторитетной/нормативной записи 27284
711 12 - НАИМЕНОВАНИЕ ОРГАНИЗАЦИИ - АЛЬТЕРНАТИВНАЯ ОТВЕТСТВЕННОСТЬ
Начальный элемент ввода "Актуальные проблемы учета, анализ и аудита в социальной сфере", научно-практическая конференция
Дата проведения временной организации 2010
Место проведения временной организации Москва
Идентификатор авторитетной/нормативной записи RU\NLR\AUTH\8810205771
Системный номер авторитетной/нормативной записи 299160
711 12 - НАИМЕНОВАНИЕ ОРГАНИЗАЦИИ - АЛЬТЕРНАТИВНАЯ ОТВЕТСТВЕННОСТЬ
Начальный элемент ввода "Совершенствование методики преподавания в высшей школе", учебно-методическая конференция
Дата проведения временной организации 2010
Место проведения временной организации Москва
Идентификатор авторитетной/нормативной записи RU\NLR\AUTH\8810205773
Системный номер авторитетной/нормативной записи 299163
801 #0 - ИСТОЧНИК ЗАПИСИ
Страна Российская Федерация
Организация RuMoRKP
Дата составления 20110711
Правила каталогизации rcr
801 #1 - ИСТОЧНИК ЗАПИСИ
Страна Российская Федерация
Организация РГБ
Дата составления 20110711
801 #2 - ИСТОЧНИК ЗАПИСИ
Страна Российская Федерация
Организация NLR
Дата составления 20110815
Правила каталогизации rcr
942 ## - ДОПОЛНИТЕЛЬНЫЕ ЭЛЕМЕНТЫ ЗАПИСИ (АБИС)
Тип экземпляра АБИС Книга
980 ## - КОЛЛЕКЦИЯ
Название коллекции Национальная библиография
Экземпляры
Тип экземпляра Дата поступления Источник поступления Библиотека постоянного хранения Библиотека текущего хранения Место хранения Шифр хранения Штрих-код Статус экземпляра
Книга 15.08.2011 Обязательный экземпляр РНБ (Московский) РНБ (Московский) Русский книжный фонд: издания с 1957 года 2011-3/25104 3469340  
Книга 15.08.2011 Обязательный экземпляр РНБ (Московский) РНБ (Московский) Русский книжный фонд: издания с 1957 года 2011-3/25104 3469341